000 00969cam a2200217 4500
001 WB3725-20
008 000000n2001 000 0 eng u
035 _a(Sirsi) u113253
245 _aEnglishman's home immune to global downturn
260 _c2001
490 _aIndependent
_v22 June 2001, 17(1)
520 _aA report by Bradford & Bingley suggests that hot weather and cup-final matches could explain why houses are taking an extra two weeks to sell compared with last year. Other indicators of a slowdown in the housing market are not apparent, with house prices still rising, supply outstripping demand, and highest ever employment levels. Graphs.
590 _aWB
650 _aECONOMY
650 _aHOMEBUYERS
650 _aHOUSE PRICES
650 _aPROPERTY-RESIDENTIAL PROPERTY-ACQUISITION AND DISPOSAL OF RESIDENTIAL PROPERTY
650 _aHOUSING MARKET
690 _aPROPERTY-RESIDENTIAL PROPERTY-RESIDENTIAL PROPERTY MARKET
942 _n0
999 _c67455
_d67455